000 00467nam a22001451c 4500
001 a987689244+17.2020,2
035 _aa987689244
008 210202s2020 gw |||| 000u ger d
264 _aGöttingen :
_bVandenhoeck & Ruprecht,
_c2020
245 0 0 _aTotalitarismus und Demokratie. Freiwilligkeit im (Post-)Kommunismus. Volunteeering in (Post-)Communism
_n17.2020,2
773 0 _wa987689244
_q17.2020,2
942 _cMG
040 _cRU-10907106
003 RU-10907106
999 _c32295
_d32295